000 00613nam a2200205Ia 4500
005 20250508160213.0
008 008 250505s9999 xx 000 0 eng d
037 _aBooks to be hide in OPAC
040 _aFEDL
_beng
_cFEDL
041 _aeng
_2eng
084 _qFEDL
100 _aEdmunds Charles K
_9768126
245 0 _aModern education in China
245 0 _cDepartment of the Interior. Education, (Bureau of ...)
260 _aWashington, USA
_bU.S. Government Printing Office
_c1919
300 _a72p
546 _aBulletin, 1919, No. 44; Weeded out
942 _cHB
999 _c1362642
_d1362642